[Event "Norm Congress-GM 2019"]
[Site "Saint Louis"]
[Date "2019.05.16"]
[Round "1.1"]
[White "Ali Marandi, Cemil Can"]
[Black "Korley, Kassa"]
[Result "1-0"]
[WhiteElo "2531"]
[BlackElo "2468"]
[Annotator "TA"]
[PlyCount "75"]
[EventDate "2019.05.16"]
[EventType "tourn"]
[EventCountry "USA"]
[SourceTitle "playchess.com"]
[Source "ChessBase"]
[SourceQuality "1"]

{[%evp 9,75,0,0,-6,0,-2,-4,-8,-7,-6,6,-1,0,8,5,-16,-14,-8,0,-38,-32,-64,-49,-61,-57,-37,-33,-31,-17,-30,0,-22,16,0,11,0,0,-9,0,0,13,12,9,6,8,13,13,13,8,0,0,0,0,0,0,0,0,0,0,-72,29989,29990,29991,29992,29992,29993,29995,29994]} 1. d4 d5 2. Bf4 Nf6 3. e3 e6 4. Nd2 Bd6 5. Bg3 b6 6. c3 {D00: 1 d4 d5: Unusual lines} O-O 7. Ngf3 c5 8. a4 {The position is equal.} Qc7 $146 ({Predecessor:} 8... Bb7 9. Bd3 Ne4 10. Bxd6 Qxd6 11. O-O Nd7 12. a5 Nxd2 13. Qxd2 {1-0 (42) Maghsoodloo,P (2688)-Timofeev,A (2589) St Petersburg 2018}) 9. Bd3 Bb7 10. Bxd6 Qxd6 11. Ne5 Ba6 12. Bc2 Nc6 13. f4 Nd7 {[%cal Rd7e5]} 14. Kf2 Ndxe5 15. fxe5 Qe7 16. Re1 f6 17. exf6 $1 Qxf6+ 18. Nf3 g5 {aiming for ...g4.} 19. h3 Rf7 {And now ...Raf8 would win.} 20. Kg1 Raf8 21. e4 {Threatening exd5.} cxd4 {White must now prevent ...g4.} 22. exd5 exd5 23. cxd4 Qf4 24. Bb3 Bc4 25. Bxc4 dxc4 26. Ne5 Nxe5 27. dxe5 Re7 28. Qd5+ Kg7 29. e6 g4 {[#]} 30. Re4 $1 $36 {[%mdl 2560] White has good play.} Qf2+ 31. Kh1 gxh3 {[%csl Gh3][%cal Rf2g2]} 32. Rg4+ Kh8 33. Qe5+ Rf6 $1 34. Rd1 (34. Qb8+ $1 $11 Rf8 35. Qe5+ Rf6 36. Qb8+ Rf8 37. Qe5+) 34... Re8 $2 {[%mdl 8192] [#]} (34... hxg2+ $17 35. Rxg2 Qxg2+ {[%mdl 64] Remove Defender} 36. Kxg2 Rg7+ 37. Kh1 Rh6+ 38. Qh2 Rxh2+ 39. Kxh2 Re7) 35. e7 {White mates.} hxg2+ 36. Rxg2 Qh4+ 37. Kg1 h6 38. Rd6 {Accuracy: White = 74%, Black = 51%.} 1-0

[Event "Norm Congress-GM 2019"]
[Site "Saint Louis"]
[Date "2019.05.16"]
[Round "1.2"]
[White "Wang, Justin"]
[Black "Boros, Denes"]
[Result "0-1"]
[WhiteElo "2434"]
[BlackElo "2439"]
[Annotator "TA"]
[PlyCount "104"]
[EventDate "2019.05.16"]
[EventType "tourn"]
[EventCountry "USA"]
[SourceTitle "playchess.com"]
[Source "ChessBase"]
[SourceQuality "1"]

{[%evp 12,104,45,32,50,47,52,63,77,75,47,68,58,66,112,114,116,96,144,117,127,133,120,119,137,138,132,135,159,92,89,88,95,90,92,60,92,68,69,69,73,56,89,83,87,81,109,107,124,76,85,66,125,85,214,127,125,120,202,34,113,46,32,41,71,-45,-58,-53,-53,-60,-58,-51,-84,-828,-567,-553,-548,-468,-472,-2067,-1934,-1253,-1118,-29962,-29965,-29965,-29967,-29958,-12613,-29985,-5143,-29988,-29989,-29991,-29990]} 1. e4 d6 2. d4 Nf6 3. Nc3 g6 4. Nf3 Bg7 5. Be2 O-O 6. O-O c6 7. Bf4 Nbd7 {B08: Pirc Defence: Classical System} 8. e5 Nh5 9. Bd2 $146 ({Predecessor:} 9. Bg5 f6 10. exf6 exf6 11. Be3 f5 12. d5 f4 13. Bd4 Ndf6 14. b4 a5 15. dxc6 bxc6 16. b5 Bd7 17. a4 Rc8 18. Re1 d5 19. bxc6 {½-½ (19) Arizmendi Martinez,J (2480)-Strikovic,A (2565) Vila Real de Santo Antonio 1998}) 9... c5 {and if ...cxd4 works, Black does fine.White is slightly better.} 10. e6 fxe6 11. Ng5 $1 {[%csl LRe6,LRh5]} Ndf6 12. dxc5 h6 {[#]} 13. Nf3 $1 Bd7 14. Re1 Nd5 15. cxd6 exd6 16. Nxd5 exd5 17. Be3 Bc6 18. Nd4 Qh4 19. g3 Qf6 20. Bf3 (20. Bxh5 $142 gxh5 21. Qxh5) 20... Qf7 $16 {Black wants to play ...Bxd4.} 21. Bg2 Nf6 22. c3 Rae8 23. f3 Nd7 24. Bf2 Rxe1+ 25. Qxe1 Ne5 26. Qd1 h5 27. Qc2 h4 28. Re1 {Threatens to win with f4.} Bd7 29. f4 h3 30. Bf1 Nc6 31. Nf3 {Strongly threatening Ng5.} Bh6 (31... Bf6 $14) 32. Nh4 Kg7 (32... g5 $16 {is a better defense.} 33. Qg6+ Qxg6 34. Nxg6 Rf6 35. Ne7+ Nxe7 36. Rxe7 gxf4) 33. Bd3 (33. Qd2 $18) 33... g5 34. Ng6 Rc8 (34... Re8 $16 {might work better.}) 35. a3 $2 (35. f5 $18) 35... Bg4 (35... gxf4 $14 36. gxf4 d4) 36. Rf1 (36. f5 $16) 36... gxf4 $14 37. gxf4 Rg8 38. f5 ({Better is} 38. Nh4 $16) 38... Ne5 $15 39. f6+ ({Of course not} 39. Bxa7 Nxd3 40. Qxd3 Bxf5 $11) 39... Qxf6 40. Bd4 $1 Bf3 41. Qf2 {aiming for Qxf3!} Kh7 {[#]} 42. Bb1 $2 {[%mdl 8192]} ({Don't blunder} 42. Bxe5 $2 dxe5 43. Qxf3 Qxf3 $19) (42. Qxf3 $1 $17 {[%mdl 512]} Qg5+ (42... Nxf3+ 43. Kh1) 43. Qg3 Nxd3 44. Qxg5 Bxg5 45. Rf3) 42... Qg5+ 43. Qg3 {[%cal Rg6e5]} Be4 44. Bxe4 dxe4 45. Nxe5 (45. Qxg5 $142 Bxg5 46. Nf8+ Kh6 47. Ne6) 45... dxe5 $19 46. Rf7+ {[#]} Kg6 $1 47. Re7 exd4 48. Rxe4 Qxg3+ 49. hxg3 d3 50. Re6+ Kh7 (50... Kh5 $142 51. Kh2 d2 52. Rd6 Kg4 53. Rd4+ Kf3 54. Rd6 Rxg3 55. Rxh6 d1=Q 56. Rf6+ Kg4 57. Rg6+ Kh4 58. Rh6+ Kg5 59. Kxg3 Qg4+ 60. Kf2 Kxh6 61. Ke3 h2 62. Kf2 h1=Q 63. Ke3 Qge4+ 64. Kf2 Qhg2#) 51. Rd6 Rxg3+ 52. Kh2 Rf3 {Accuracy: White = 37%, Black = 49%.} 0-1

[Event "Norm Congress-GM 2019"]
[Site "Saint Louis"]
[Date "2019.05.16"]
[Round "1.3"]
[White "Shtembuliak, Evgeny"]
[Black "Jacobson, Brandon"]
[Result "1-0"]
[WhiteElo "2516"]
[BlackElo "2503"]
[Annotator "TA"]
[PlyCount "99"]
[EventDate "2019.05.16"]
[EventType "tourn"]
[EventCountry "USA"]
[SourceTitle "playchess.com"]
[Source "ChessBase"]
[SourceQuality "1"]

{[%evp 9,99,22,19,18,26,23,33,32,20,29,32,30,35,34,31,0,37,31,30,32,25,24,24,0,0,0,0,0,15,0,0,-7,0,-21,-15,-20,-14,-27,-22,-49,-42,-48,-44,-38,-47,-79,-64,-64,0,0,306,275,266,264,457,485,479,463,459,349,347,331,320,317,386,382,373,341,400,320,395,318,535,527,533,525,620,468,581,602,572,591,555,429,520,520,622,626,600,610,782,780]} 1. d4 Nf6 2. c4 e6 3. Nf3 d5 4. Nc3 a6 5. cxd5 exd5 6. Bg5 {D37: Queen's Gambit Declined: 5 Bf4} Be6 7. e3 Nbd7 8. Bd3 {White is slightly better.} h6 9. Bf4 g5 10. Bg3 Nh5 11. Be5 Nhf6 12. Bg3 Nh5 $1 13. Qc2 (13. Ne2 Nxg3 14. Nxg3 {1-0 (61) Leko,P (2679)-Caruana,F (2832) Germany 2019}) 13... c6 14. O-O-O Qa5 {[#]} 15. Kb1 $146 ({Predecessor:} 15. Nd2 Nxg3 16. hxg3 {½-½ (49) Markos,J (2572)-Martinovic,S (2563) Slovakia 2017}) 15... O-O-O 16. Nd2 (16. Bf5 {is more complex.} Rg8 17. Rc1 Re8 18. Nd2 Nxg3 19. hxg3 Qc7 20. Nb3) 16... Nxg3 17. hxg3 Kb8 18. Bf5 Qc7 19. Na4 Nf6 20. Bd3 Nd7 21. Nb3 h5 22. Rc1 h4 23. gxh4 gxh4 24. Qe2 Be7 25. f4 {Hoping for f5.} Nf6 26. Nbc5 Bg4 27. Qd2 {next Bxa6! is good for White.} Bc8 28. Rc2 b5 (28... Rdg8 $15) 29. Rhc1 $1 $11 bxa4 $2 {[%mdl 8192]} (29... Rh6 $11 {and Black stays safe.}) 30. Qb4+ $18 Ka8 {...Ne4! is the strong threat.} 31. Qxa4 Qa7 $2 (31... Bxc5 32. Rxc5 Ne4) 32. Qxc6+ Bb7 33. Nxb7 Qxb7 34. Qxb7+ Kxb7 35. Rc7+ {[%mdl 64] [#] Double Attack} Kb8 36. Rxe7 {And now Rcc7 would win.} Rhe8 37. Rxf7 Rxe3 38. Bxa6 {aiming for Rb7+.} ({Weaker is} 38. Rxf6 Rxd3 39. Rb6+ (39. Rxa6 Rxd4 40. Rb6+ Ka7 $16) 39... Ka7 $16) 38... Ne4 39. Rb7+ Ka8 40. Rb4 {Black must now prevent Bb7+.} Rd7 $2 (40... Nd2+ 41. Kc2 Ne4) 41. Bb5 {White wants to mate with Rc8+.White is clearly winning.} Rd6 42. a3 Rg3 43. Rc7 Rb6 44. Bc6+ {[%mdl 64] [#] Double Attack, Discovered Attack} Kb8 45. Rb7+ ({Less strong is} 45. Rxb6+ Kxc7 46. Ra6 (46. Bxd5 Kxb6 47. Bxe4 Re3 $15) 46... Nd2+ 47. Ka2 Rxg2 $18) 45... Rxb7 46. Bxb7 Kc7 47. Bxd5 Nd2+ 48. Ka2 Kd6 49. Bb7 Nf1 50. a4 {Accuracy: White = 74%, Black = 65%.} 1-0

[Event "Norm Congress-GM 2019"]
[Site "Saint Louis"]
[Date "2019.05.16"]
[Round "1.4"]
[White "Escalante Ramirez, Brian Sebasti"]
[Black "Hong, Andrew"]
[Result "0-1"]
[WhiteElo "2452"]
[BlackElo "2414"]
[Annotator "TA"]
[PlyCount "140"]
[EventDate "2019.05.16"]
[EventType "tourn"]
[EventCountry "USA"]
[SourceTitle "playchess.com"]
[Source "ChessBase"]
[SourceQuality "1"]

{[%evp 9,140,-22,-4,-43,0,-6,2,0,0,15,22,6,27,-32,-38,-47,-18,-14,-23,-22,0,0,0,0,4,0,0,0,6,-9,-7,-19,0,0,0,0,0,0,2,0,0,0,6,13,10,11,24,10,11,0,47,0,0,0,0,0,0,-4,-4,-22,0,0,12,9,17,0,18,14,12,0,0,0,53,15,33,-8,0,0,0,0,0,0,0,-116,-118,-131,-80,-68,-103,-87,-52,-51,-27,-653,-653,-646,-646,-548,-548,-548,-373,-638,-638,-566,-491,-373,-364,-8697,-6220,-10612,-1197,-29961,-29960,-29973,-29974,-29974,-29975,-29974,-29977,-29977,-29978,-29978,-29979,-29979,-29980,-29980,-29981,-29980,-29982,-29982,-29982,-29985,-29986]} 1. e4 c5 2. Nf3 Nc6 3. Bb5 e6 4. Bxc6 bxc6 5. e5 Ne7 6. h4 {B30: Sicilian: 2...Nc6 3 Bb5, lines without ...g6} (6. O-O Ng6 7. d3 f6 8. Qe2 Qc7 9. exf6 gxf6 10. c4 d5 11. d4 Kf7 12. dxc5 Ba6 13. Re1 Re8 {0-1 (45) Kantans,T (2338)-Salem,A (2511) Caldas Novas 2011}) 6... Nf5 7. d3 $146 ({Predecessor:} 7. Nc3 Qc7 8. d3 Rb8 9. Ne4 d5 10. exd6 Bxd6 11. Nxd6+ Qxd6 12. O-O Rb4 13. h5 g6 {½-½ (27) Lanzani,M (2331)-Di Paolo,R (2334) Genova 2006}) 7... d6 8. Nbd2 {The position is equal.} f6 9. exf6 Qxf6 10. Ne4 Qd8 11. d4 (11. Qe2 $11) 11... cxd4 $15 12. g4 Qa5+ (12... d5 $5 {[%cal Rd5e4]} 13. Neg5 Nd6 14. Qxd4 h6 $15) 13. Bd2 Qd5 14. Qe2 $1 Ba6 15. Qxa6 Qxe4+ {[%mdl 64] Double Attack} 16. Qe2 Qxe2+ 17. Kxe2 Ne7 18. Nxd4 e5 19. Nb3 h5 20. Rag1 hxg4 21. h5 Nf5 22. Rxg4 Be7 23. Bg5 Kf7 24. c3 Rab8 25. Bc1 Bf6 26. Ra4 Rb7 27. Ra6 Rc8 28. Na5 Rbc7 29. Be3 d5 30. Bc5 Be7 31. Bxe7 Nxe7 32. b4 Rh8 33. f3 Rh6 34. a4 Nf5 35. Kd2 e4 36. fxe4 dxe4 37. Rf1 Rd6+ 38. Ke1 Ke6 39. Nc4 Rd3 40. Ra5 Rd5 (40... Rxc3 $11 41. Re5+ Kd7) 41. Rf4 Rxa5 42. bxa5 $11 {[%mdl 4096] Endgame KRN-KRN} Kd5 43. Nd2 Nd6 44. Ke2 Ke5 45. Rg4 Rb7 46. Rg5+ (46. a6 $11 {remains equal.} Rb2 47. Ke1 (47. Rxg7 Nc4 $15)) 46... Kf4 $17 47. Rc5 {[#]} Rb2 ({Black should try} 47... Nf5 $1 48. Rxc6 Ng3+ 49. Kd1 Nxh5) 48. Rxc6 Nf5 {Threatens to win with ...e3.} 49. Rc4 Ng3+ 50. Kd1 Ke3 51. Rxe4+ $2 {[%mdl 8192]} (51. Rd4 $11 Rb7 52. Nc4+ Kf4 53. Rd2) 51... Nxe4 $19 52. Nc4+ {[#]} Kd3 $1 {[%cal Rb2b1][%mdl 64] Double Attack} 53. Nxb2+ Kxc3 {KN-KN} 54. Kc1 Nf6 55. a6 $2 (55. h6 gxh6 56. Nd1+ Kb3 57. a6) 55... Nxh5 56. Nd1+ Kb4 57. Nb2 Kb3 58. a5 $2 (58. Nd3 Kxa4 59. Nc5+ Kb4 60. Ne6) 58... Kb4 59. Kd2 Kxa5 (59... g5 $142 60. Nd1 Kxa5) 60. Ke3 g5 {Black mates.} 61. Ke4 g4 62. Nc4+ Kxa6 63. Ne3 {[#]} g3 $1 64. Kf3 Kb5 65. Kg4 a5 {[%cal Ba7a5,Ba5a4,Ba4a3,Ba3a2][%mdl 32]} 66. Kxh5 a4 67. Kg4 a3 68. Kxg3 a2 69. Nc2 Kc4 70. Kf2 Kc3 {Accuracy: White = 48%, Black = 63%.} 0-1

[Event "Norm Congress-GM 2019"]
[Site "Saint Louis"]
[Date "2019.05.16"]
[Round "1.5"]
[White "Banawa, Joel"]
[Black "Abrahamyan, Tatev"]
[Result "1-0"]
[WhiteElo "2396"]
[BlackElo "2373"]
[Annotator "RC"]
[PlyCount "63"]
[EventDate "2019.05.16"]
[EventType "tourn"]
[EventCountry "USA"]
[SourceTitle "playchess.com"]
[Source "ChessBase"]
[SourceQuality "1"]
[TimeControl "5400+30"]

1. e4 {[%emt 0:00:00]} e6 {[%emt 0:00:00]} 2. d4 {[%emt 0:00:00]} d5 {[%emt 0:00:00]} 3. Bd3 {[%emt 0:00:24]} dxe4 {[%emt 0:01:48]} 4. Bxe4 {[%emt 0:00:04]} Nf6 {[%emt 0:00:03]} 5. Bf3 {[%emt 0:00:04]} c5 {[%emt 0:01:20]} 6. Ne2 {[%emt 0:00:06]} cxd4 {[%emt 0:03:43]} 7. Qxd4 {[%emt 0:00:13]} Nbd7 {[%emt 0:00:29]} 8. O-O {[%emt 0:18:27]} Bc5 {[%emt 0:11:09]} 9. Qc3 {[%emt 0:04:56]} O-O {[%emt 0:08:01]} 10. Nd2 {[%emt 0:14:36]} e5 {[%emt 0:15:22]} 11. Ng3 {[%emt 0:14:17]} Bd4 {[%emt 0:24:32]} 12. Qb4 {[%emt 0:08:07]} Nc5 {[%emt 0:05:20]} 13. Nb3 {[%emt 0:02:14]} a5 {[%emt 0:05:13]} 14. Qe1 {[%emt 0:01:59]} Nxb3 {[%emt 0:02:44]} 15. axb3 {[%emt 0:00:03]} Re8 {[%emt 0:00:50]} 16. b4 {[%emt 0:05:30]} e4 {[%emt 0:03:45]} 17. Bd1 {[%emt 0:03:42]} Bb6 {[%emt 0:02:29]} 18. Be3 {[%emt 0:05:47]} Nd5 {[%emt 0:02:00]} 19. Bxb6 {[%emt 0:10:51]} Qxb6 {[%emt 0:00:07]} 20. Rxa5 {[%emt 0:00:01]} Rxa5 {[%emt 0:00:55]} 21. bxa5 {[%emt 0:00:05]} Qxb2 {[%emt 0:00:03]} 22. Qd2 {[%emt 0:02:32]} Nf6 {[%emt 0:06:41]} 23. Re1 {[%emt 0:00:58]} g6 {[%emt 0:01:28]} 24. h3 {[%emt 0:00:33]} Qb5 {[%emt 0:01:05]} 25. Qc3 {[%emt 0:01:36]} Nd5 {[%emt 0:01:04]} 26. Qd4 {[%emt 0:00:22]} Qxa5 {[%emt 0:01:48]} 27. Rxe4 {[%emt 0:00:15]} Rd8 {[%emt 0:00:25]} 28. Qe5 Qc3 {[%emt 0:00:32]} 29. Rd4 {[%emt 0:01:50]} Be6 {[%emt 0:00:51]} 30. Bf3 {[%emt 0:00:13]} Qa5 {[%emt 0:00:40]} 31. c4 {[%emt 0:00:13]} Qa1+ {[%emt 0:00:28]} 32. Kh2 {[%emt 0:00:05]} 1-0

[Event "Norm Congress-GM 2019"]
[Site "Saint Louis"]
[Date "2019.05.17"]
[Round "2.1"]
[White "Korley, Kassa"]
[Black "Abrahamyan, Tatev"]
[Result "0-1"]
[WhiteElo "2468"]
[BlackElo "2373"]
[Annotator "TA"]
[PlyCount "150"]
[EventDate "2019.05.16"]
[EventType "tourn"]
[EventCountry "USA"]
[SourceTitle "playchess.com"]
[Source "ChessBase"]
[SourceQuality "1"]

{[%evp 17,150,29,14,8,33,15,20,16,25,29,21,22,21,7,38,34,28,14,48,56,87,100,108,101,110,122,101,83,79,81,100,115,101,0,100,102,95,90,81,0,84,85,123,95,98,84,99,91,116,91,95,83,84,92,136,130,132,133,135,91,88,33,298,112,115,125,196,204,212,136,133,113,114,122,118,107,135,90,102,127,141,145,140,133,139,104,96,85,99,19,112,45,55,0,114,106,665,665,580,41,53,8,8,8,8,8,25,3,6,0,46,8,8,20,27,0,29,12,14,15,18,18,25,0,15,0,59,0,0,0,0,0,0,-29998,-29999]} 1. d4 Nf6 2. c4 e6 3. Nf3 b6 4. g3 Bb7 5. Bg2 Be7 6. O-O O-O 7. Nc3 Ne4 8. Bd2 f5 9. Nxe4 Bxe4 10. Bc3 {E18: Queen's Indian: Old Main Line (4 g3 Bb7 5 Bg2 Be7 6 0-0 0-0 7 Nc3)} Bf6 11. Rc1 (11. Re1 Qe7 12. Bh3 Bb7 13. Rc1 c5 14. d5 exd5 15. cxd5 Qd6 16. Bxf6 Rxf6 17. e4 fxe4 {½-½ (52) Granda Zuniga,J (2639)-Garcia Palermo,C (2450) Benasque 2010}) 11... d5 12. Qa4 $146 {The position is equal.} ({Predecessor:} 12. Qb3 Nc6 13. Rfd1 Qd7 14. cxd5 Qxd5 15. Qxd5 Bxd5 16. Ne5 Bxg2 17. Kxg2 Bxe5 18. dxe5 {1-0 (42) Vadasz,L (2385)-Lendwai,R (2405) Borsodtavho 1991}) 12... Qd7 13. Qxd7 Nxd7 14. cxd5 Bxd5 15. Ne1 Bxg2 16. Kxg2 c5 17. Nf3 Rac8 18. dxc5 Nxc5 19. Bxf6 gxf6 20. b4 $1 {[%cal Rb4c5]} Ne4 21. Nd4 Rfe8 22. Nc6 {And now f3 would win.} Rc7 23. Rfd1 Ng5 24. Nd4 Rd7 25. Nc6 Rc7 26. h4 Nf7 27. Nd4 Rd7 {Hoping for ...Red8.} 28. Nc6 Rc7 $1 29. e3 a6 30. a4 {[%cal Ba2a4,Ba4b5][%mdl 32]} e5 31. b5 axb5 32. axb5 Ra8 33. Rc4 Rb7 34. Nb4 {Black must now prevent Nd5.} Kg7 35. Rc6 Ra5 36. Nd5 Rxb5 37. Nxf6 {Strongly threatening Ne8+.} Rc5 38. Nh5+ Kf8 39. Rf6 (39. Re6 $16) 39... e4 $2 {[%mdl 8192]} ({Black should play} 39... Ke7 $1 $14) 40. Nf4 $2 (40. Rd8+ $1 $18 {is the precise move to win.} Ke7 41. Rg8) 40... Kg7 $16 41. Re6 $1 b5 {[#]} (41... Rc8 $16) 42. Rxe4 $1 $18 {[%mdl 512] Ne6+ is the strong threat.} Rc2 (42... fxe4 43. Ne6+) 43. Rb4 Ne5 {intending ...Ng4.} 44. Ne6+ Kf6 45. Nd4 Ra2 46. Nf3 ({Much worse is} 46. Rxb5 $6 Rxb5 47. Nxb5 Ng4 $11) ({Much less strong is} 46. Nxb5 $6 Ng4 $14) 46... Ng4 47. Rd2 Rxd2 48. Nxd2 $16 {[%mdl 4096] Endgame KRN-KRN} Ne5 49. Nb3 Nc6 50. Rf4 Ke5 51. Nc5 Ra7 52. Nd3+ Ke6 53. Nb4 (53. Kf1 $16) 53... Ne5 (53... Nxb4 $11 {keeps the balance.} 54. Rxb4 Ra5) 54. Nc2 (54. e4 $16) 54... Nc6 $1 $14 55. Nb4 (55. Kf1 $14) 55... Ne5 $16 56. e4 fxe4 $2 {[%mdl 8192]} (56... Rf7 $16) 57. Rxe4 $18 Kd6 {[#]} 58. f4 $2 (58. Rxe5 $1 $18 {[%mdl 512]} Kxe5 59. Nc6+ {[%mdl 64] Double Attack} Ke4 60. Nxa7) 58... Nc4 $14 59. Kh3 Kc5 60. Nd3+ Kd5 61. Re8 Ra3 62. Rd8+ Nd6 63. Ne5 Ke6 64. h5 (64. Nc6 $5 {[%cal Rc6d4]} Ra4 65. h5 $14) 64... Ne4 65. Re8+ Kd5 66. Rd8+ Ke6 67. Rg8 Rc3 68. Kh4 b4 69. Re8+ Kd5 70. Rd8+ Ke6 71. Re8+ Kd5 $1 72. Ng4 (72. Rb8 $1 $14) 72... b3 $11 73. Rb8 Nxg3 74. Nf6+ Ke6 75. Nxh7 $2 {[%mdl 8192]} (75. Kg5 $11) 75... Nf5+ 0-1

[Event "Norm Congress-GM 2019"]
[Site "Saint Louis"]
[Date "2019.05.17"]
[Round "2.2"]
[White "Hong, Andrew"]
[Black "Banawa, Joel"]
[Result "0-1"]
[WhiteElo "2414"]
[BlackElo "2396"]
[Annotator "TA"]
[PlyCount "106"]
[EventDate "2019.05.16"]
[EventType "tourn"]
[EventCountry "USA"]
[SourceTitle "playchess.com"]
[Source "ChessBase"]
[SourceQuality "1"]

{[%evp 19,106,-22,-22,-23,-28,-32,-22,-60,-57,-45,-39,-45,-64,-58,-43,-44,0,-64,-78,-69,-45,-80,-38,-66,0,0,54,0,0,-53,-3,-41,0,0,0,0,18,0,107,100,141,135,124,46,60,11,119,21,57,-52,-43,-80,-82,-115,-124,-135,-83,-165,-149,-183,88,-147,-40,-45,-54,-49,-11,-63,-88,-199,-212,-218,-200,-197,-182,-334,-335,-368,-335,-1519,-829,-29983,-29984,-29990,-29991,-29996,-29997,-29997,-29998]} 1. e4 e6 2. d4 d5 3. Nc3 Nf6 4. Bg5 Bb4 5. e5 h6 6. Bd2 Bxc3 7. bxc3 Ne4 8. Qg4 Kf8 9. Bd3 Nxd2 10. Kxd2 c5 11. dxc5 {C12: French: Classical System: McCutcheon Variation} (11. Nf3 cxd4 12. Nxd4 Qg5+ 13. Qxg5 hxg5 14. h3 Nd7 15. Rae1 Nc5 16. Rhf1 Bd7 17. f4 gxf4 18. Rxf4 Ke7 19. Ref1 {0-1 (77) Inarkiev,E (2693)-Nepomniachtchi,I (2707) Novosibirsk 2012}) 11... Nd7 12. Nf3 Qc7 13. Qf4 {The position is equal.} Nxc5 14. h4 Bd7 15. Rh3 Rc8 16. Nd4 Be8 $146 (16... Na4 $6 17. Rf3 $16) ({Predecessor:} 16... Ke8 17. Rb1 a6 18. Rg3 Rg8 {½-½ (52) Karayev,A (2283)-Jorczik,J (2382) Vung Tau 2008}) 17. Rg3 f5 18. Re1 (18. Rh3 $11) 18... Kg8 $15 19. Ree3 Qf7 20. Ke1 Bd7 21. Rh3 Rf8 (21... Nxd3+ $15 22. Rxd3 Qh5) 22. h5 a6 (22... Kh7 $11) 23. Be2 (23. Reg3 $14) 23... b5 24. Nf3 (24. Bd3 $11) 24... Be8 25. Kf1 Qe7 26. g4 fxg4 27. Qxg4 Qf7 28. Qg2 Qf5 {[#]} (28... Qe7 $11 {keeps the balance.}) 29. Rg3 $1 $16 {[%csl Gg2][%cal Rg3g7][%mdl 512]} Rh7 30. Nd4 Qf7 31. Bg4 (31. Rgf3 $16 Qe7 32. Rxf8+ Qxf8 33. Qg4) 31... Qe7 $1 $14 32. Rgf3 Bd7 (32... Rxf3 $11 33. Bxf3 Rh8) 33. Qh3 ({Better is} 33. Rxf8+ $16 Qxf8 34. Bf5 $1 {[%mdl 512]}) 33... Rh8 34. Ke1 (34. Rxf8+ $14 Kxf8 35. f4) 34... Kh7 $15 35. Rg3 Rf7 36. Rg2 Rhf8 37. Be2 Rf4 (37... Kh8 $142 38. f3 Rf4) 38. Qh2 (38. Reg3 $17 {keeps fighting.} R8f7 39. Rg4) 38... Kh8 $19 39. Reg3 R8f7 $2 {[#]} (39... R4f7 $19 40. Bd3 Nxd3+ 41. Rxd3 b4) 40. f3 $2 (40. Rxg7 $1 $16 {[%mdl 512] is necessary to keep the advantage. Intending Rg8+ and mate.} Rxf2 (40... Rxg7 41. Rxg7) 41. R7g6 (41. Rxf2 Rxg7 42. Rf6 Ne4 $11) (41. Rg8+ Kh7 $14) 41... Rxg2 42. Qxg2 (42. Rxh6+ Rh7 $11)) 40... Qh4 (40... Rh4 $17 41. Rh3 Rff4) 41. Qg1 $1 $15 Na4 $36 {[%mdl 2048] Black fights for an advantage.} 42. Kd2 {[%cal Rg3g7]} Qe7 $1 {Black wants to play ...a5.} 43. Bd3 $1 b4 {[%cal Bb5b4,Bb4c3][%mdl 32]} 44. Ne2 (44. c4 $17 dxc4 45. Bg6) 44... bxc3+ $19 45. Ke1 Rxf3 46. Rxf3 Rxf3 47. Rg4 $2 (47. Rf2 Rxf2 48. Qxf2) 47... Nc5 48. Bg6 Bb5 49. Ng3 $2 (49. Qd4) 49... Qf8 {And now ...d4! would win.} 50. Kd1 Nd7 {Black mates.} 51. Qe1 {[#]} Nxe5 $1 {[%mdl 576] Back Rank} 52. Qxe5 {[#]} Rf1+ $1 {[%mdl 512]} 53. Qe1 (53. Nxf1 Qxf1+) 53... Qf3+ {[%mdl 64] Double Attack. Accuracy: White = 33%, Black = 35%.} 0-1

[Event "Norm Congress-GM 2019"]
[Site "Saint Louis"]
[Date "2019.05.17"]
[Round "2.3"]
[White "Jacobson, Brandon"]
[Black "Escalante Ramirez, Brian Sebasti"]
[Result "1-0"]
[WhiteElo "2503"]
[BlackElo "2452"]
[Annotator "RC"]
[PlyCount "53"]
[EventDate "2019.05.16"]
[EventType "tourn"]
[EventCountry "USA"]
[SourceTitle "playchess.com"]
[Source "ChessBase"]
[SourceQuality "1"]
[TimeControl "5400+30"]

1. c4 {[%emt 0:02:32]} e5 {[%emt 0:00:00]} 2. Nc3 {[%emt 0:02:46]} Nf6 {[%emt 0:00:00]} 3. Nf3 {[%emt 0:00:06]} Nc6 {[%emt 0:00:00]} 4. e4 {[%emt 0:00:05]} Bc5 {[%emt 0:03:42]} 5. Nxe5 {[%emt 0:00:08]} Nxe5 {[%emt 0:01:24]} 6. d4 {[%emt 0:00:05]} Bb4 {[%emt 0:03:15]} 7. dxe5 {[%emt 0:00:05]} Nxe4 {[%emt 0:00:02]} 8. Qf3 {[%emt 0:00:05]} Nxc3 {[%emt 0:03:14]} 9. bxc3 {[%emt 0:00:02]} Ba5 {[%emt 0:01:28]} 10. Bf4 {[%emt 0:01:43]} Qe7 {[%emt 0:02:00]} 11. Be2 {[%emt 0:02:57]} g5 {[%emt 0:17:46]} 12. Bg3 {[%emt 0:02:26]} h5 {[%emt 0:00:30]} 13. h3 {[%emt 0:05:19]} Qe6 {[%emt 0:08:34]} 14. Rd1 {[%emt 0:13:44]} Rb8 {[%emt 0:09:07]} 15. Qe3 {[%emt 0:19:02]} b6 {[%emt 0:00:17]} 16. O-O {[%emt 0:00:07]} g4 {[%emt 0:00:23]} 17. hxg4 {[%emt 0:04:27]} hxg4 {[%emt 0:00:02]} 18. Rd4 {[%emt 0:00:06]} Qh6 {[%emt 0:03:04]} 19. Qxh6 {[%emt 0:00:06]} Rxh6 {[%emt 0:00:04]} 20. Rxg4 {[%emt 0:07:48]} Kf8 {[%emt 0:00:01]} 21. Bf4 {[%emt 0:00:27]} Rg6 {[%emt 0:00:05]} 22. Rxg6 {[%emt 0:05:47]} fxg6 {[%emt 0:00:02]} 23. Rd1 {[%emt 0:00:05]} a6 {[%emt 0:05:04]} 24. Rd3 {[%emt 0:07:58]} b5 {[%emt 0:03:55]} 25. c5 {[%emt 0:00:07]} b4 {[%emt 0:00:37]} 26. c4 {[%emt 0:00:21]} Kf7 {[%emt 0:01:40]} 27. Bf3 {[%emt 0:02:28]} 1-0